Normal view
MARC view
Entry Personal Name
001 - CONTROL NUMBER
- control field: 26668
003 - CONTROL NUMBER IDENTIFIER
- control field: OSt
005 - DATE AND TIME OF LATEST TRANSACTION
- control field: 20160101163252.0
008 - FIXED-LENGTH DATA ELEMENTS
- fixed length control field: 160101|| aca||aabn | a|a d
040 ## - CATALOGING SOURCE
- Original cataloging agency: OSt
- Transcribing agency: OSt
100 ## - HEADING--PERSONAL NAME
- Personal name: Lyte, H.C. Maxwell
670 ## - SOURCE DATA FOUND
- Source citation: Work cat.: (OSt)37737: Lyte, H.C. Maxwell, A History of the University of Oxford, 1886









